Nuevas desigualdades, nuevas resistencias: el caso de los ex-trabajadores bananeros costarricenses afectados por los agroquímicos /
Se parte del concepto de "exclusión social" tal y como lo han desarrollado Juan Pablo Pérez Sainz y Minor Mora Salas donde se enfatiza la perspectiva relacional lo cual permite preguntarse por sus causas. Posteriormente, se plantea la discusión teórica sobre lo que se denominan los viejos...
Kaydedildi:
| Yazar: | |
|---|---|
| Materyal Türü: | Metin |
| Konular: | |
| Etiketler: |
Etiketle
Etiket eklenmemiş, İlk siz ekleyin!
|
MARC
| LEADER | 00000 a a2200000 04500 | ||
|---|---|---|---|
| 001 | 43120 | ||
| 003 | |||
| 040 | |||
| 100 | |a Cordero Ulate, Allen | ||
| 245 | |a Nuevas desigualdades, nuevas resistencias: |b el caso de los ex-trabajadores bananeros costarricenses afectados por los agroquímicos / |c Allen Cordero Ulate | ||
| 520 | |a Se parte del concepto de "exclusión social" tal y como lo han desarrollado Juan Pablo Pérez Sainz y Minor Mora Salas donde se enfatiza la perspectiva relacional lo cual permite preguntarse por sus causas. Posteriormente, se plantea la discusión teórica sobre lo que se denominan los viejos y nuevos movimientos sociales para abordar el movimiento que han protagonizado miles de trabajadores afectados por el uso del agroquímico DBCP (1, 2, Dibrono-3-colopropano) o nemagón que para el caso de Costa Rica se calcula que la población afectada asciende a unas treinta mil personas. | ||
| 590 | |a DISEMINAR042012/RRA/MAYO2012 | ||
| 650 | |a 1.MOVIMIENTOS SOCIALES | ||
| 650 | |a 2.EXCLUSION SOCIAL | ||
| 650 | |a 3.ORGANIZACIONES DE TRABAJADORES | ||
| 650 | |a 4.BANANOS | ||
| 650 | |a 5.PRODUCTOS QUIMICOS AGRICOLAS | ||
| 650 | |a 6.CONSECUENCIAS SOCIALES | ||
| 650 | |a 7.COSTA RICA | ||
| 773 | |g volumen6, número2 ( , 2009), páginas 75-100 | ||
| 999 | |c 34695 |d 34695 | ||
